Wildlife of Europe (Mammals) - Statistics

General Stats
  • This quiz has been taken 341 times
  • The average score is 6 of 15
Answer Stats
Hint Answer % Correct
Habitat: Albania, Austria, Belarus, Bosnia and Herzegovina, Bulgaria, Estonia, Finland, France, Greece, Italy, Latvia, Montenegro, North Macedonia, Norway, Poland, Romania, Russia, Serbia, Slovakia, Slovenia, Spain, Sweden, Ukraine Family: Ursidae Scientific name: Ursus arctos arctos CT: Least Concern Brown bear
83%
Habitat: all of Europe, except for Ireland and the United Kingdom Family: Canidae Scientific name: Canis lupus lupus CT: Least Concern Grey wolf
77%
Habitat: all of EuropeFamily: Canidae Scientific name: Vulpes vulpes CT: Least concern Red fox
70%
Habitat: Austria, Belarus, Bulgaria, Czechia, Denmark, France, Germany, Hungary, Italy, Latvia, Lithuania, Moldova, Netherlands, Poland, Portugal, Romania, Russia, Serbia, Slovakia, Spain, Sweden, Switzerland, Ukraine, United Kingdom Family: BovidaeScientific name: Bison bonasus CT: Reintroduced, Near Threatened European bison
49%
Habitat: Belarus, Czechia, Estonia, Finland, Latvia, Norway, Poland, Russia, Sweden Family: Cervidae Scientific name: Alces alces CT: Least Concern Elk
47%
Habitat: Finland, Norway, Russia, Sweden Family: Cervidae Scientific name: Rangifer Tarandus CT: Vulnerable Reindeer
46%
Habitat: all of Europe, except for Finland Family: Cervidae Scientific name: Cervus Elaphus CT: Least Concern Red deer
39%
Habitat: Portugal and Spain Family: Canidae Scientific name: Canis lupus signatus CT: Vulnerable Iberian wolf
37%
Habitat: Albania, Austria, Belarus, Bosnia and Herzegovina, Bulgaria, Croatia, Czechia, Estonia, Finland, France, Germany, Italy, Latvia, Lithuania, North Macedonia, Norway, Poland, Romania, Russia, Slovakia, Slovenia, Sweden, Switzerland Family: Felidae Scientific name: Lynx lynx CT: Least Concern Eurasian lynx
32%
Habitat: all of EuropeFamily: Suidae Scientific name: Sus crofa CT: Least Concern Wild boar
30%
Habitat: all of Europe Family: Cervidae Scientific name: Capreolus capreolus CT: Least Concern Roe deer
28%
Habitat: Finland, Norway, Russia, Sweden Family: Mustelidae Scientific name: Gulo gulo CT: Vulnerable Wolverine
27%
Habitat: all of Europe Family: Mustelidae Scientific name: Meles meles CT: Least Concern European badger
22%
Habitat: France, Germany, Italy, Switzerland Family: Bovidae Scientific name: Capra ibex CT: Least Concern Alpine ibex
18%
Habitat: all of Europe, except for Belarus, Moldova, Ukraine Family: Cervidae Scientific name: Dama dama CT: Least Concern Fallow deer
16%
No matching quizzes found
Score Distribution
Percent of People with Each Score
Percentile by Number Answered
Your Score History
You have not taken this quiz